000
00296nam a2200109Ia 4500
008
200302s9999 xx 000 0 und d
100
_a
G. D. Kunders & Othres
245
_a
Hospitals Planning, Design and Management
260
_b
Tata Mcgraw-Hill Publishing Co.
260
_c
1999
300
_a
424 P.,
999
_c
5452
_d
5452